Test de Rapidité - Arobases - Statistiques

Statistiques générales
  • Ce quiz a été pris 1 572 fois
  • Le résultat moyen est 212 sur 300
Statistiques - réponses
@ % Correct
@
100%
@
99%
@
99%
@
99%
@
99%
@
99%
@
99%
@
98%
@
98%
@
98%
@
98%
@
98%
@
98%
@
98%
@
98%
@
98%
@
98%
@
98%
@
98%
@
98%
@
98%
@
97%
@
97%
@
97%
@
97%
@
97%
@
97%
@
97%
@
97%
@
97%
@
97%
@
97%
@
97%
@
97%
@
97%
@
97%
@
97%
@
97%
@
97%
@
97%
@
97%
@
97%
@
97%
@
96%
@
96%
@
96%
@
96%
@
96%
@
96%
@
96%
@
96%
@
96%
@
96%
@
96%
@
96%
@
96%
@
96%
@
96%
@
96%
@
96%
@
95%
@
95%
@
95%
@
95%
@
95%
@
95%
@
95%
@
95%
@
95%
@
95%
@
95%
@
95%
@
95%
@
95%
@
95%
@
95%
@
95%
@
95%
@
95%
@
95%
@
95%
@
95%
@
95%
@
95%
@
95%
@
95%
@
95%
@
95%
@
95%
@
94%
@
94%
@
94%
@
94%
@
94%
@
94%
@
94%
@
94%
@
94%
@
94%
@
94%
@
94%
@
93%
@
93%
@
93%
@
93%
@
93%
@
93%
@
93%
@
93%
@
92%
@
92%
@
92%
@
92%
@
92%
@
92%
@
92%
@
92%
@
91%
@
91%
@
91%
@
91%
@
91%
@
91%
@
90%
@
90%
@
90%
@
90%
@
90%
@
89%
@
89%
@
89%
@
89%
@
89%
@
89%
@
89%
@
88%
@
88%
@
88%
@
88%
@
88%
@
87%
@
87%
@
87%
@
87%
@
86%
@
86%
@
86%
@
86%
@
86%
@
86%
@
85%
@
85%
@
84%
@
84%
@
84%
@
83%
@
82%
@
81%
@
81%
@
81%
@
80%
@
80%
@
79%
@
79%
@
78%
@
77%
@
77%
@
76%
@
75%
@
75%
@
74%
@
74%
@
73%
@
72%
@
72%
@
72%
@
71%
@
71%
@
70%
@
70%
@
69%
@
68%
@
67%
@
67%
@
66%
@
65%
@
64%
@
63%
@
62%
@
61%
@
60%
@
59%
@
59%
@
59%
@
58%
@
58%
@
56%
@
56%
@
55%
@
55%
@
54%
@
54%
@
53%
@
52%
@
51%
@
51%
@
50%
@
50%
@
49%
@
48%
@
48%
@
47%
@
47%
@
46%
@
46%
@
45%
@
44%
@
44%
@
43%
@
42%
@
42%
@
41%
@
41%
@
41%
@
40%
@
40%
@
40%
@
39%
@
39%
@
39%
@
38%
@
38%
@
37%
@
37%
@
37%
@
37%
@
37%
@
36%
@
35%
@
35%
@
35%
@
35%
@
35%
@
35%
@
34%
@
34%
@
34%
@
34%
@
34%
@
33%
@
33%
@
33%
@
33%
@
33%
@
32%
@
32%
@
32%
@
32%
@
32%
@
32%
@
31%
@
31%
@
31%
@
31%
@
31%
@
30%
@
30%
@
30%
@
30%
@
29%
@
29%
@
29%
@
29%
@
28%
@
28%
@
28%
@
28%
@
28%
@
27%
@
27%
@
27%
@
27%
@
27%
@
27%
@
27%
@
27%
@
27%
@
27%
@
27%
@
27%
@
27%
@
27%
@
27%
@
26%
@
26%
@
26%
@
26%
@
26%
@
26%
@
26%
Aucun quiz correspondant
Distribution des résultats
% des personnes avec chaque résultat
Percentile par nombre de réponses
Votre historique - résultats
Vous n’avez pas pris ce quiz